UK vs USA Geography Quiz Stats

 Plays Quiz Updated Jan 17, 2021

Support Sporcle.
Go Orange.
Score 0/30 Timer 05:00
7 Plays Today
Country Answer % Correct
UKLondon
98.4%
UKEurope
95.2%
USANew York
94.6%
USANorth America
92%
USALos Angeles
85.9%
USAChicago
76.5%
USAMississippi River
72.3%
UKLiverpool
70.7%
UKBirmingham
69.9%
UKRiver Thames
69.9%
USAHouston
58.2%
UKGlasgow
57.2%
USALake Michigan
57%
USALake Superior
55.3%
USAMissouri River
46.3%
Country Answer % Correct
USADenali
45.2%
USALake Huron
43.8%
UKBen Nevis
42.3%
UKBristol
35%
UKRiver Severn
31.1%
USAPhoenix
27.6%
UKRiver Trent
13.7%
UKLoch Lomond
12.8%
UKLough Neagh
7.9%
USAYukon River
5.3%
UKBen Macdui
2.6%
USAMount Saint Elias
1.8%
USAMount Foraker
1.4%
UKLough Erne
1.3%
UKBraeriach
1.3%

From the Vault

NHL Stats Leaders (1980s)

by Lauro

Sports 19m
Believe it or not, some of these categories aren't led by 'The Great One'.
Remove Ads.
Support Sporcle.
Get the best of Sporcle when you Go Orange. This ad-free experience offers more features, more stats, and more fun while also helping to support Sporcle. Thank you for becoming a member.

Show Comments

Extras

Top Quizzes Today


Score Distribution

Your Account Isn't Verified!

In order to create a playlist on Sporcle, you need to verify the email address you used during registration. Go to your Sporcle Settings to finish the process.

Report this User

Report this user for behavior that violates our Community Guidelines.

Details: